000 00576nam a2200229Ia 4500
003 OSt
005 20220928112554.0
006 a|||||r|||| 00| 0
007 ta
008 220927b |||||||| |||| 00| 0 eng d
024 _a36429
037 _cTextual
040 _aSDCL
_cSDCL
_beng
041 _2eng
_aeng
082 _aV2:3(Q):(Z), P3
100 _aGandhi B M
_9428833
245 0 _aHindu law
260 _aLucknow
_bEastern Book
_c2003
300 _alvi,424p
_ccm.
942 _hV2:3(Q):(Z), P3
_cTEXL
_2CC
999 _c745337
_d745337